ბათუმის შოთა რუსთაველის სახელმწიფო უნივერსიტეტის ბიბლიოთეკა

Gray's anatomy for students / (ბიბ.ჩანაწერი № 57394)

000 -LEADER
fixed length control field 00929nam a22002775i 4500
001 - CONTROL NUMBER
control field 20586921
005 - DATE AND TIME OF LATEST TRANSACTION
control field 20210713134857.0
008 - FIXED-LENGTH DATA ELEMENTS--GENERAL INFORMATION
fixed length control field 180717s2020 mou 000 0 eng
010 ## - LIBRARY OF CONGRESS CONTROL NUMBER
LC control number 2018952008
020 ## - INTERNATIONAL STANDARD BOOK NUMBER
International Standard Book Number 9780323611046
040 ## - CATALOGING SOURCE
Original cataloging agency DLC
Language of cataloging eng
Description conventions rda
Transcribing agency DLC
041 ## - LANGUAGE CODE
Language code of text/sound track or separate title eng
042 ## - AUTHENTICATION CODE
Authentication code pcc
080 ## - UNIVERSAL DECIMAL CLASSIFICATION NUMBER
Universal Decimal Classification number 611 D-80
100 1# - MAIN ENTRY--PERSONAL NAME
Personal name Drake, Richard L.
9 (RLIN) 8421
245 10 - TITLE STATEMENT
Title Gray's anatomy for students /
Statement of responsibility, etc. Richard L. Drake, PhD, FAAA, A. Wayne Vogl, PhD, FAAA, Adam W.M. Mitchell, MB BS, FRCS, FRCR.
250 ## - EDITION STATEMENT
Edition statement 4th edition.
263 ## - PROJECTED PUBLICATION DATE
Projected publication date 1903
264 #1 - PRODUCTION, PUBLICATION, DISTRIBUTION, MANUFACTURE, AND COPYRIGHT NOTICE
Place of production, publication, distribution, manufacture Philadelphia, MO :
Name of producer, publisher, distributor, manufacturer Elsevier,
Date of production, publication, distribution, manufacture, or copyright notice 2019.
300 ## - PHYSICAL DESCRIPTION
Extent 1153 pages
Other physical details 30 cm
653 ## - INDEX TERM--UNCONTROLLED
keyword გრეის ანატომია სტუდენტებისთვის
653 ## - INDEX TERM--UNCONTROLLED
keyword მედიცინა
700 ## - ADDED ENTRY--PERSONAL NAME
Personal name Vogl, A. Wayne
Relator term ავტორი
9 (RLIN) 8422
700 ## - ADDED ENTRY--PERSONAL NAME
Personal name Mitchell, Adam W.M.
Relator term ავტორი
9 (RLIN) 12244
942 ## - ADDED ENTRY ELEMENTS (KOHA)
Source of classification or shelving scheme
Koha item type წიგნი
ეგზემპლარები
Withdrawn status Lost status Source of classification or shelving scheme Damaged status Not for loan Permanent Location Current Location Shelving location Date acquired Cost, normal purchase price Full call number Barcode Date last seen Copy number Price effective from Koha item type Public note
          ბათუმის შოთა რუსთაველის სახელმწიფო უნივერსიტეტის მთავარი ბიბლიოთეკა ბათუმის შოთა რუსთაველის სახელმწიფო უნივერსიტეტის მთავარი ბიბლიოთეკა წიგნსაცავი 2020-06-15 234.00 611 D-80 60591 2020-06-15 60591 2020-06-15 წიგნი 234 Gel